00711 2200241 4500001002100000005001500021035002000036007000300056008004100059020002200100082001000122084001600132100001900148245015200167250001000319260003200329300002100361650002300382700002000405700002200425990001100447990001100458INLIS00000000000308820190207091139 a0010-0219000030ta190207 g 0 ind  a978-602-5868-05-4 a153.8 a153.8 CHA i0 aCHARLES, Burke1 aInside the Mind of Winners :bMengenali Cara Berpikir Orang-orang Sukses /cCharles Burke; penerjemah, Amalia Ibrahim; penyunting, Zulkarnaen Ishak acet.1 aYogyakarta :bBright,c2018 a192 hlm ;c20 cm aPSIKOLOGI.MOTIVASI0 aAMALIA, Ibrahim0 aZULKARNAEN, Ishak a6503 a a6503 b